[Event "Cornella de Llobregat op"]
[Site "Cornella de Llobregat"]
[Date "2017.05.08"]
[Round "4"]
[White "Salvado Obrero, Ivan"]
[Black "Quiles Sanchez, Juan"]
[Result "1-0"]
[WhiteElo "2137"]
[BlackElo "1857"]
[PlyCount "31"]
[EventDate "2017.04.03"]
[EventType "swiss"]
[EventRounds "7"]
[EventCountry "ESP"]
[SourceTitle "EXT 2018"]
[Source "ChessBase"]
[SourceDate "2017.10.13"]
[SourceVersion "1"]
[SourceVersionDate "2017.10.13"]
[SourceQuality "1"]

1. e4 c5 2. d4 cxd4 3. c3 dxc3 4. Nxc3 e6 5. Nf3 Nf6 6. Bc4 d6 7. 0-0 Be7 8. Qe2 0-0 9. Rd1 Qc7 10. Nb5 Qd8 11. e5 Ne8 12. exd6 Nxd6 13. Bf4 e5 14. Bxe5 Re8 15. Qc2 Nd7 16. Bxd6 1-0